00268nam a2200109Ia 4500100002400000654001300024245004800037260003900085082001400124300000800138546001200146 aBalasubramania/ C.  aComputer aANSI C: with Microsoft C.S.I. & Quick C 2.0 bTata Mc Graw hillaNew Delhic1992 a5.13bPAN a360 aENGLISH